| 000 | 00391nam a2200121Ia 4500 | ||
|---|---|---|---|
| 008 | 200626s9999 xx 000 0 und d | ||
| 020 | _a971-92018-2-7 | ||
| 100 | _aOrdoñez, Elmer A. | ||
| 245 |
_cElmer A. Ordoñez.-- _aThe philippine revolution and beyond: _bVolume II:/ |
||
| 260 |
_aManila: _bPhilippine Centennial Commission _c1998 |
||
| 300 | _avii, 1066 pages | ||
| 500 | _aIncludes Index | ||
| 999 |
_c363883 _d363883 |
||